00401nam a2200157Ia 450000500170000000800410001702000160005804100080007408200150008210000110009724500230010826000330013150000240016465000230018870000320021120230406143334.0230125s9999 xx 000 0 und d a935164258-5 aeng a658.8bKHE aKher S aServices marketing c2015bNirali PrakashanaPune aServices marketing  aServices marketing aKher S & HNIMR Staff, Donar